000 00322nam a22001457a 4500
008 210609b ||||| |||| 00| 0 eng d
020 _a0801604435
041 _aeng
080 _22nd
_a615.83
082 _a615.83
100 _a8
101 _aEGZ
245 _aPhysical Examination
_cHenry M. Seidel
942 _2udc
_cBK
999 _c58115
_d58115